Представление документа в формате MARC21

Поле Инд. ПП Название Значение
Тип записи a
Библиографический уровень m
001 Контрольный номер RU/IS/BASE/336234631
005 Дата корректировки 20231221102317.5
008 Кодируемые данные
020 a ISBN
c Цена, тираж
z Отмененный/ ошибочный ISBN
022 0_ a ISSN
024 80 a Стандартный номер
040 a Служба первич. каталог. НБ ТвГУ
b Код языка каталог. rus
e Правила каталог. PSBO
d Организация, изменившая запись
041 0_ a Код языка текста fre
h Код языка оригинала
080 a Индекс УДК 94(38).09
084 a Индекс другой классификации/Индекс ББК Т3(0)329.44
090 a Полочн. индекс Т3(0)32
x Авторский знак T 45
097 b Оператор
098 b Факультет
c Кафедра
d Инвентарный ОРК
100 1_ a Автор Thierry Amedee Simon Dominique
d Дата 1797-1873
q Полное имя par Amedee Thierry
b Династ. номер
c Титул (звания)
e Роль лиц
u Место работы, адрес
110 2_ a Организация/ юрисдикция
b Подчиненная единица
n Номер части/ раздела/ мероприятия
c Место
d Дата
111 2_ a Наименов. мероприятия
c Место мероприятия
d Дата мероприятия
e Соподчин. единица
f Дата работы
g Проч. информация
n N части/ секции
p N части/ раздела
240 10 a Условное заглавие
n N части/ раздела
p Название части/ раздела
245 10 a Заглавие Histoire des Gaulois, depuis les temps les plus recules jusqua l’entiere soumission de la Gaule a la domination romaine
n Номер части/ раздела T. 1
b Продолж. заглавия
c Ответственность
p Название части/ раздела
h Физич. носитель
246 01 a Другая форма заглавия
250 a Основные сведения об издании
b Дополнительные сведения об издании
256 a Характеристики компьютерного файла
260 a Место издания Paris
b Издательство A. Sautelet et Cie
b Издательство Alexandre Mesnier
c Дата издания 1828
e Место печатания
f Типография
g Дата печатания
300 a Объем [4],LXXI,408 p.
b Иллюстрации/ тип воспроизводства
c Размеры
e Сопроводительные материалы
440 _0 a Серия
n Номер части
p Название части
v N тома
x ISSN серии
500 a Примечание
502 a Примечание о диссертации
504 a Библиография
505 0_ a Форматированное содержание
506 a Ограничение на доступ к материалу
520 0_ a Аннотация
536 a Финансирование
561 1_ a История (примечание) Из коллекции В. А. Кунтыша
9 964746
650 04 a Основная рубрика
x Основная подрубрика
z Географическая подрубрика
653 0_ a Ключевые слова Античная Европа
a Ключевые слова Античность
a Ключевые слова Античный мир
a Ключевые слова Галлия
a Ключевые слова Галлы
a Ключевые слова Европа
a Ключевые слова История галлов
700 12 a Другие авторы
b Династический номер
c Титул (звание)
d Дата
e Роль лиц
q Полное имя
t Заглавие произведения
710 12 a Организация/ юрисдикция
b Другие уровни
711 12 a Название мероприятия
c Место мероприятия
d Дата мероприятия
e Соподчиненная единица
n N части/ секции
773 18 w Контрольный № источника
852 41 x Примечание, не предназначенное для пользователя Кунтыш В. А., дар
9 964746
852 41 x Примечание, не предназначенное для пользователя Кунтыш В. А., экслибрис
9 964746
856 40 a Имя сервера/домена
u URL
x Примечание для ЭОР
i Дата подключения ЭОР
901 t Тип документа
910 a
920 a Оператор Суха
930 a Новая/Ретро иностр
a Новая/Ретро фра
935 a Идентификатор редкой книги
951 h № носителя
952 c Вид литературы К ин
954 a Дата поступления на обработку 20101011
b Дата поступления в ОК
c Дата окончания ОНО